00884nam a2200217 a 450000100100000000500170001000800410002704000250006808200210009324501780011425000110029226000430030330000220034649000690036849000410043770000230047870000240050170000300052583000700055583000410062500002924520210629083419.0110414s1985 dr 000 0 spa d aDO-SdBNPbspacBNPHU axxxxbR741, 198503aEl chapulín colorado y el chavo del ocho :bdos versiones y varios motivos en la TV dominicana /ceditores Onofre de la Rosa, Angelita de León, Santiago Gómez Monegro. a2a ed. aSanto Domingo :bUniversitaria,c1985. a30 p. : ;c21 cm.1 aPublicación de la Universidad Autónoma de Santo Domingov3671 aCuaderno de comunicación socialv51 aRosa, Onofre de la1 aLeón, Angelita de1 aGómez Monegro, Santiago aPubliacaciones de la Universidad Autónoma de Santo Domingov367 0aCuaderno de comunicación socialv5